| 000 | 00488nam a2200145Ia 4500 | ||
|---|---|---|---|
| 008 | 170221s9999 xx 000 0 und d | ||
| 100 | _aShazwani Shafiai | ||
| 245 | _aExamining of Issues on Flood Disaster Management in Malaysia | ||
| 245 | _cShazwani Shafiai, Mohamad Sukeri Khalid | ||
| 260 | _bInternational Review of Management and Marketing | ||
| 260 | _cJune 2015 | ||
| 300 | _a4:1 | ||
| 650 | _xMarketing. | ||
| 856 | _uhttp://www.econjournals.com/index.php/irmm/issue/view/91 | ||
| 999 |
_c310130 _d310130 |
||